Performance art en Chile: historia, procesos y discursos
Tallennettuna:
| Päätekijät: | , , |
|---|---|
| Aineistotyyppi: | Kirja |
| Kieli: | espanja |
| Julkaistu: |
Santiago
Metales Pesados
2016
|
| Painos: | 1a. ed |
| Aiheet: | |
| Tagit: |
Lisää tagi
Ei tageja, Lisää ensimmäinen tagi!
|
MARC
| LEADER | 00000cam a2200000 a 4500 | ||
|---|---|---|---|
| 001 | UCD7267 | ||
| 003 | CL-VaPUC | ||
| 008 | 170317e20160000cl |||||||||||||||||spa|d | ||
| 020 | |a 9789568415907 | ||
| 082 | 0 | 4 | |a 709.83 |b GON |2 21 |
| 100 | |a González Castro, Francisco |e author |9 605517 | ||
| 700 | 0 | |a López Chávez, Leonora |e author |9 591225 | |
| 700 | 0 | |a Smith, Brian |e author |9 591226 | |
| 245 | 1 | 0 | |a Performance art en Chile: historia, procesos y discursos |
| 250 | |a 1a. ed | ||
| 300 | |a 277 p | ||
| 942 | |c BK | ||
| 945 | |d 20170317 22:16:00 |a dcastane | ||
| 260 | |a Santiago |b Metales Pesados |c 2016 | ||
| 650 | 0 | |a Filosofía del arte |9 264951 | |
| 650 | 0 | |a Arte contemporáneo |9 338008 | |
| 650 | 0 | |a Arte |y Siglo 21 |9 484553 | |
| 583 | |a last modification |c 20170317 22:16:00 |k Rodrigo Vera | ||
| 999 | |c 367329 |d 367327 | ||
| 952 | |0 0 |1 0 |3 erb |4 0 |6 709_830000000000000_GON_2016 |7 0 |8 A |9 482158 |a BIBART |b BIBART |i 5424089 |l 6 |m 1 |o 709.83 GON 2016 |p 5424089 |r 2025-04-01 |s 2025-03-17 |w 2019-11-24 |y BK |z Catalogado en:20170915 |k ART | ||